[Event "Vecindario Montalvo Memorial 16th"]
[Site "Vecindario"]
[Date "2024.03.25"]
[Round "3"]
[White "Fiorito, Fabian"]
[Black "Tutisani, Noe"]
[Result "0-1"]
[WhiteElo "2251"]
[BlackElo "2405"]
[PlyCount "92"]
[EventDate "2024.03.23"]
[EventType "swiss"]
[EventRounds "9"]
[EventCountry "ESP"]
[SourceTitle "CB15_2024"]
[SourceDate "2024.04.10"]
[SourceVersion "1"]
[SourceVersionDate "2024.04.10"]
[SourceQuality "1"]

1. d4 Nf6 2. Nc3 d5 3. Bf4 Bf5 4. e3 e6 5. Bd3 c6 6. Nge2 Nbd7 7. h3 Bb4 8. 0-0 Qe7 9. a3 Bd6 10. Bxd6 Qxd6 11. Bxf5 exf5 12. b3 h5 13. Qd3 g6 14. f3 0-0-0 15. Nd1 Qe6 16. Nf4 Qe7 17. Ne2 Kb8 18. c4 c5 19. cxd5 Nxd5 20. e4 Rhe8 21. Ra2 fxe4 22. fxe4 Qxe4 23. Qg3+ Ka8 24. dxc5 Nxc5 25. Rd2 h4 26. Qf2 Nxb3 27. Ndc3 Nxc3 28. Rxd8+ Rxd8 29. Nxc3 Qc4 30. Qf6 Rc8 31. Rd1 a6 32. Nd5 Qc5+ 33. Kh1 Ka7 34. Qxh4 Qxa3 35. Qf6 Qc5 36. Rd3 Rc6 37. Qxf7 Rd6 38. Rxb3 Qxd5 39. Qf2+ Qd4 40. Qf7 Rd7 41. Qe6 Qd1+ 42. Kh2 Qd6+ 43. Qxd6 Rxd6 44. h4 a5 45. g4 a4 46. Rf3 Ra6 0-1

[Event "Umraniye White Elephant 32nd"]
[Site "Umraniye"]
[Date "2023.10.29"]
[Round "6"]
[White "Tutisani, Noe"]
[Black "Petriashvili, Nikoloz"]
[Result "0-1"]
[WhiteElo "2407"]
[BlackElo "2472"]
[PlyCount "86"]
[EventDate "2023.10.25"]
[EventType "swiss"]
[EventRounds "7"]
[EventCountry "TUR"]
[SourceTitle "Mega2024 Update 01"]
[Source "Chessbase"]
[SourceDate "2023.11.12"]
[SourceVersion "1"]
[SourceVersionDate "2023.11.12"]
[SourceQuality "1"]

1. d4 Nf6 2. c4 g6 3. Nc3 d5 4. Nf3 Bg7 5. h4 dxc4 6. e4 c5 7. d5 b5 8. h5 0-0 9. hxg6 fxg6 10. e5 Ng4 11. d6 e6 12. Rxh7 Rf5 13. Rxg7+ Kxg7 14. Ne4 Nd7 15. Bg5 Qh8 16. Ng3 Rf7 17. Be7 Ndxe5 18. Nxe5 Nxe5 19. Qd2 Nc6 20. Bg5 Kg8 21. 0-0-0 Bd7 22. Ne4 Nb4 23. g4 Rc8 24. Be7 Qe5 25. Re1 Qf4 26. Qxf4 Rxf4 27. Nf6+ Rxf6 28. Bxf6 Rf8 29. g5 Nd5 30. Bh3 Nxf6 31. gxf6 Kf7 32. Re5 Rc8 33. a4 a6 34. Bg2 Kxf6 35. f4 bxa4 36. Bb7 Rb8 37. Bxa6 Rb6 38. Bxc4 Rxd6 39. Rxc5 Rd4 40. Rc7 Rxf4 41. Kc2 e5 42. Kc3 Rd4 43. Kb4 Be6 0-1

[Event "Umraniye White Elephant 32nd"]
[Site "Umraniye"]
[Date "2023.10.25"]
[Round "1"]
[White "Durucay, Uygar"]
[Black "Tutisani, Noe"]
[Result "0-1"]
[WhiteElo "2004"]
[BlackElo "2407"]
[PlyCount "76"]
[EventDate "2023.10.25"]
[EventType "swiss"]
[EventRounds "7"]
[EventCountry "TUR"]
[SourceTitle "Mega2024 Update 01"]
[Source "Chessbase"]
[SourceDate "2023.11.12"]
[SourceVersion "1"]
[SourceVersionDate "2023.11.12"]
[SourceQuality "1"]

1. d4 Nf6 2. Nf3 c5 3. d5 b5 4. Bg5 g6 5. Bxf6 exf6 6. e4 a6 7. a4 b4 8. Bd3 d6 9. 0-0 Bg7 10. Nbd2 0-0 11. a5 f5 12. Nc4 fxe4 13. Bxe4 Ra7 14. Qd2 Bd7 15. Qf4 Bb5 16. Nfd2 Be5 17. Qf3 Nd7 18. Rfe1 f5 19. Bd3 Qf6 20. Rab1 Raa8 21. Re2 Qg7 22. Rbe1 Rf6 23. Qh3 g5 24. Bxf5 Rh6 25. Qb3 Bxh2+ 26. Kf1 Bf4 27. Kg1 Ne5 28. Be6+ Kh8 29. g3 Rf8 30. Nxe5 dxe5 31. Ne4 g4 32. c4 Qg6 33. Rc2 Qh5 34. Kf1 Qh1+ 35. Ke2 Qxe4+ 36. Kd1 Qd4+ 37. Ke2 Rh2 38. Rf1 Bd2 0-1

[Event "Tsaghkadzor op"]
[Site "Tsaghkadzor"]
[Date "2023.09.22"]
[Round "3"]
[White "Tutisani, Noe"]
[Black "Harutyunian, Tigran K"]
[Result "1-0"]
[WhiteElo "2388"]
[BlackElo "2524"]
[PlyCount "117"]
[EventDate "2023.09.20"]
[EventType "swiss"]
[EventRounds "9"]
[EventCountry "ARM"]
[SourceTitle "EXT 2024"]
[Source "ChessBase"]
[SourceDate "2023.10.10"]
[SourceVersion "1"]
[SourceVersionDate "2023.10.10"]
[SourceQuality "1"]

1. e4 e5 2. Nf3 Nc6 3. Bc4 Nf6 4. Ng5 d5 5. exd5 b5 6. Bf1 Nxd5 7. Bxb5 Bb7 8. d4 exd4 9. 0-0 Qd7 10. Re1+ Be7 11. Qh5 g6 12. Qh6 0-0-0 13. Nxf7 Bb4 14. Nxd8 Bxe1 15. Nxb7 Kxb7 16. Nd2 Ndb4 17. Nf3 Nxc2 18. Rb1 Qf5 19. Bxc6+ Kxc6 20. Bd2 Bxd2 21. Qxd2 Kb7 22. Rd1 Rd8 23. h3 Rd6 24. Qe2 d3 25. Qe5 Rd5 26. Qxf5 gxf5 27. Kf1 c5 28. b3 Na3 29. Ke1 Nb5 30. Kd2 Nd6 31. Ne1 Ne4+ 32. Ke3 d2 33. Nf3 Rd8 34. Kf4 Rf8 35. Ng5 Nxg5 36. Kxg5 Rd8 37. Kf4 Rd3 38. Kxf5 Rd4 39. Ke5 Kc6 40. f4 a5 41. f5 Kd7 42. g4 Ke7 43. g5 Rd8 44. h4 a4 45. h5 axb3 46. axb3 Kf7 47. Ke4 Rd4+ 48. Ke3 Rd5 49. Rxd2 Rxf5 50. Rf2 Ke6 51. Rxf5 Kxf5 52. g6 hxg6 53. hxg6 Kxg6 54. Ke4 Kf6 55. Kd5 Ke7 56. Kxc5 Kd7 57. Kb6 Kc8 58. b4 Kb8 59. b5 1-0

[Event "Tsaghkadzor op"]
[Site "Tsaghkadzor"]
[Date "2023.09.22"]
[Round "4"]
[White "Tutisani, Noe"]
[Black "Iniyan, Panneerseluam"]
[Result "1/2-1/2"]
[WhiteElo "2388"]
[BlackElo "2516"]
[PlyCount "28"]
[EventDate "2023.09.20"]
[EventType "swiss"]
[EventRounds "9"]
[EventCountry "ARM"]
[SourceTitle "EXT 2024"]
[Source "ChessBase"]
[SourceDate "2023.10.10"]
[SourceVersion "1"]
[SourceVersionDate "2023.10.10"]
[SourceQuality "1"]

1. e4 c5 2. Nf3 d6 3. d4 cxd4 4. Nxd4 Nf6 5. Nc3 a6 6. Bg5 e6 7. f4 Nbd7 8. Qe2 Qc7 9. 0-0-0 b5 10. a3 Rb8 11. g4 h6 12. Bxf6 gxf6 13. Rg1 Be7 14. Rg3 Nc5 1/2-1/2

[Event "Tsaghkadzor op"]
[Site "Tsaghkadzor"]
[Date "2023.09.21"]
[Round "2"]
[White "Adhiban, Baskaran"]
[Black "Tutisani, Noe"]
[Result "1/2-1/2"]
[WhiteElo "2562"]
[BlackElo "2388"]
[PlyCount "84"]
[EventDate "2023.09.20"]
[EventType "swiss"]
[EventRounds "9"]
[EventCountry "ARM"]
[SourceTitle "EXT 2024"]
[Source "ChessBase"]
[SourceDate "2023.10.10"]
[SourceVersion "1"]
[SourceVersionDate "2023.10.10"]
[SourceQuality "1"]

1. e4 e5 2. Nf3 Nc6 3. Bc4 Bc5 4. c3 Nf6 5. d4 exd4 6. b4 Be7 7. e5 Ng4 8. cxd4 d5 9. exd6 Qxd6 10. b5 Nb4 11. 0-0 Bf5 12. Ba3 a5 13. bxa6 bxa6 14. Nc3 0-0 15. Nd5 a5 16. Re1 Bd8 17. Qa4 c5 18. h3 Nf6 19. dxc5 Qxc5 20. Nxb4 Qxc4 21. Qc6 Rc8 22. Qxc4 Rxc4 23. Nd3 Re8 24. Nde5 Ra4 25. Bc5 Ne4 26. Bd4 h5 27. Nc6 Bc7 28. Bc5 Be6 29. Be3 Rxa2 30. Rxa2 Bxa2 31. Bc5 Nf6 32. Ra1 Bb3 33. Nxa5 Bd5 34. Nd2 Ne4 35. Nxe4 Rxe4 36. f3 Re2 37. Bf2 Rb2 38. Be1 g5 39. Rc1 Bb6+ 40. Kf1 g4 41. hxg4 hxg4 42. Nc4 gxf3 1/2-1/2

[Event "Poti op 16th"]
[Site "Poti"]
[Date "2023.07.20"]
[Round "9"]
[White "Tutisani, Noe"]
[Black "Mkrtchian, Simon"]
[Result "1/2-1/2"]
[WhiteElo "2423"]
[BlackElo "2255"]
[PlyCount "29"]
[EventDate "2023.07.12"]
[EventType "swiss"]
[EventRounds "9"]
[EventCountry "GEO"]
[SourceTitle "EXT 2024"]
[Source "ChessBase"]
[SourceDate "2023.10.10"]
[SourceVersion "1"]
[SourceVersionDate "2023.10.10"]
[SourceQuality "1"]

1. e4 c5 2. Nf3 Nc6 3. d4 cxd4 4. Nxd4 Nf6 5. Nc3 e6 6. Nxc6 bxc6 7. e5 Nd5 8. Ne4 Bb7 9. Be2 c5 10. 0-0 Qc7 11. Nd6+ Bxd6 12. exd6 Qc6 13. f3 c4 14. Qd4 0-0 15. Bxc4 1/2-1/2

[Event "Poti op 16th"]
[Site "Poti"]
[Date "2023.07.18"]
[Round "7"]
[White "Tutisani, Noe"]
[Black "Hayrapetyan, Hovik"]
[Result "1/2-1/2"]
[WhiteElo "2423"]
[BlackElo "2442"]
[PlyCount "50"]
[EventDate "2023.07.12"]
[EventType "swiss"]
[EventRounds "9"]
[EventCountry "GEO"]
[SourceTitle "EXT 2024"]
[Source "ChessBase"]
[SourceDate "2023.10.10"]
[SourceVersion "1"]
[SourceVersionDate "2023.10.10"]
[SourceQuality "1"]

1. e4 c5 2. Nf3 d6 3. d4 cxd4 4. Nxd4 Nf6 5. Nc3 a6 6. Bg5 Nbd7 7. Qe2 h6 8. Bh4 g6 9. f4 e5 10. fxe5 dxe5 11. 0-0-0 Qc7 12. Nb3 b5 13. Rxd7 Nxd7 14. Nd5 Qb8 15. Qd2 Bb7 16. Na5 Bxd5 17. Qxd5 Bd6 18. Be2 g5 19. Bf2 Nf6 20. Qc6+ Ke7 21. Bc5 Rd8 22. Rd1 Bxc5 23. Qxc5+ Ke8 24. Qc6+ Ke7 25. Qc5+ Ke8 1/2-1/2

[Event "Poti op 16th"]
[Site "Poti"]
[Date "2023.07.15"]
[Round "4"]
[White "Khojayan, Vardan"]
[Black "Tutisani, Noe"]
[Result "0-1"]
[WhiteElo "2203"]
[BlackElo "2423"]
[PlyCount "62"]
[EventDate "2023.07.12"]
[EventType "swiss"]
[EventRounds "9"]
[EventCountry "GEO"]
[SourceTitle "EXT 2024"]
[Source "ChessBase"]
[SourceDate "2023.10.10"]
[SourceVersion "1"]
[SourceVersionDate "2023.10.10"]
[SourceQuality "1"]

1. Nf3 Nc6 2. e4 d5 3. exd5 Qxd5 4. Nc3 Qd6 5. h3 Bf5 6. d3 e5 7. Be3 0-0-0 8. g3 Qb4 9. Qc1 Bc5 10. Bxc5 Qxc5 11. Bg2 Nd4 12. Nxd4 exd4 13. Ne4 Bxe4 14. Bxe4 Nf6 15. 0-0 Nxe4 16. dxe4 Qe5 17. Re1 g5 18. Qd1 h5 19. Qf3 h4 20. Qg4+ Kb8 21. Kg2 hxg3 22. Qxg3 Qe6 23. a4 Rh4 24. f3 Rdh8 25. Rh1 f5 26. exf5 Qxf5 27. Rac1 a5 28. b3 Re8 29. Qf2 Re3 30. Rcd1 Rf4 31. Rhf1 Rfxf3 0-1

[Event "Poti op 16th"]
[Site "Poti"]
[Date "2023.07.14"]
[Round "3"]
[White "Tutisani, Noe"]
[Black "Paichadze, Luka"]
[Result "0-1"]
[WhiteElo "2423"]
[BlackElo "2501"]
[PlyCount "158"]
[EventDate "2023.07.12"]
[EventType "swiss"]
[EventRounds "9"]
[EventCountry "GEO"]
[SourceTitle "EXT 2024"]
[Source "ChessBase"]
[SourceDate "2023.10.10"]
[SourceVersion "1"]
[SourceVersionDate "2023.10.10"]
[SourceQuality "1"]

1. e4 c6 2. d4 d5 3. Nc3 dxe4 4. Nxe4 Bf5 5. Ng3 Bg6 6. h4 h6 7. Nf3 Nd7 8. h5 Bh7 9. Bd3 Bxd3 10. Qxd3 e6 11. Bd2 Ngf6 12. 0-0-0 Be7 13. Kb1 Qb6 14. Nh4 0-0-0 15. c4 Qa6 16. Bf4 Rhe8 17. Qc2 Bb4 18. Nf3 Bf8 19. Rhe1 c5 20. Ne5 Bd6 21. Qc1 Rf8 22. Nxd7 Bxf4 23. Qxf4 Rxd7 24. dxc5 Rfd8 25. Rxd7 Rxd7 26. Ne4 Qa5 27. Nc3 Qxc5 28. Re5 Qd6 29. a3 a6 30. g3 Kd8 31. Ka2 Qd4 32. Nd5 Nxd5 33. Qxd4 Nb4+ 34. axb4 Rxd4 35. b5 Rxc4 36. bxa6 Ra4+ 37. Kb3 Rxa6 38. g4 Rd6 39. Kc3 Kd7 40. Rb5 Kc6 41. Ra5 Rd5 42. Ra8 Rg5 43. Rf8 f6 44. f3 f5 45. Rc8+ Kd7 46. Rg8 b5 47. gxf5 Rxf5 48. Rxg7+ Kd6 49. Kb4 Rxh5 50. Ka5 Rf5 51. b4 Kc6 52. Rg6 Re5 53. Rg1 h5 54. f4 Rf5 55. Rg6 Kd7 56. Rg7+ Ke8 57. Kb6 Kf8 58. Rg1 Kf7 59. Rh1 Kf6 60. Kc6 Kg6 61. Rg1+ Kf7 62. Rh1 Kf6 63. Kb6 Rd5 64. Kc6 Kg6 65. Rh4 Rf5 66. Rh1 e5 67. Kxb5 exf4+ 68. Kc4 Re5 69. b5 Re8 70. Kd4 Kg5 71. b6 f3 72. b7 Kg4 73. Re1 Rf8 74. Ke3 f2 75. Rc1 Kg3 76. Rc8 Rf3+ 77. Kd2 f1Q 78. b8Q+ Kh3 79. Rc3 Qg2+ 0-1

[Event "Batumi Municipality Cup"]
[Site "Batumi"]
[Date "2023.07.02"]
[Round "1"]
[White "Tutisani, Noe"]
[Black "Mkrtchian, Simon"]
[Result "1/2-1/2"]
[WhiteElo "2423"]
[BlackElo "2255"]
[PlyCount "55"]
[EventDate "2023.07.02"]
[EventType "swiss"]
[EventRounds "9"]
[EventCountry "GEO"]
[SourceTitle "CBM 215 Extra"]
[Source "ChessBase"]
[SourceDate "2023.09.30"]
[SourceVersion "1"]
[SourceVersionDate "2023.09.30"]
[SourceQuality "1"]

1. e4 c5 2. Nf3 e6 3. b4 cxb4 4. d4 d5 5. e5 Bd7 6. a3 bxa3 7. c3 Nc6 8. Bd3 h6 9. 0-0 Rc8 10. g3 Nge7 11. Bxa3 Na5 12. Bb4 Nc4 13. Bxc4 dxc4 14. Nfd2 Nf5 15. Bxf8 Kxf8 16. Ne4 Bc6 17. Nbd2 Qd5 18. Qe2 Nxd4 19. cxd4 c3 20. Nc4 Bb5 21. Nxc3 Qxc4 22. Qxc4 Bxc4 23. Rfb1 Ba6 24. Na4 Ke7 25. Nc5 Rc7 26. Nxa6 bxa6 27. Rxa6 Rd8 28. Rb4 1/2-1/2

[Event "GEO-ch 82nd"]
[Site "Tbilisi"]
[Date "2023.01.04"]
[Round "1"]
[White "Tutisani, Noe"]
[Black "Quparadze, Giga"]
[Result "1/2-1/2"]
[WhiteElo "2434"]
[BlackElo "2461"]
[PlyCount "60"]
[EventDate "2023.01.04"]
[EventType "tourn"]
[EventRounds "9"]
[EventCountry "GEO"]
[EventCategory "10"]
[SourceTitle "CBM 212 Extra"]
[Source "ChessBase"]
[SourceDate "2023.03.31"]
[SourceVersion "1"]
[SourceVersionDate "2023.03.31"]
[SourceQuality "1"]

1. e4 c5 2. Nf3 e6 3. d4 cxd4 4. Nxd4 a6 5. Be2 Nf6 6. Nc3 Qc7 7. 0-0 Nc6 8. Be3 Bb4 9. Nxc6 bxc6 10. Qd4 c5 11. Qc4 Bb7 12. a3 d5 13. exd5 exd5 14. Qf4 Qxf4 15. Bxf4 Bxc3 16. bxc3 0-0 17. Bf3 Rfe8 18. Rab1 Bc6 19. c4 Re6 20. Rfe1 Rxe1+ 21. Rxe1 Rc8 22. Rb1 Ba8 23. Rb8 Rxb8 24. Bxb8 Ne4 25. Bxe4 dxe4 26. Bd6 Bc6 27. Bxc5 Ba4 28. Bd4 Bxc2 29. f3 exf3 30. gxf3 f6 1/2-1/2

[Event "Novi Sad TS GM 266th"]
[Site "Novi Sad"]
[Date "2022.06.02"]
[Round "6"]
[White "Tutisani, Noe"]
[Black "Sredojevic, Ivan"]
[Result "1-0"]
[WhiteElo "2435"]
[BlackElo "2255"]
[PlyCount "75"]
[EventDate "2022.05.30"]
[EventType "tourn"]
[EventRounds "9"]
[EventCountry "SRB"]
[EventCategory "7"]
[SourceTitle "EXT 2023"]
[Source "ChessBase"]
[SourceDate "2022.10.05"]
[SourceVersion "1"]
[SourceVersionDate "2022.10.05"]
[SourceQuality "1"]

1. e4 d6 2. d4 Nf6 3. Nc3 e5 4. Nge2 Nbd7 5. g3 Be7 6. Bg2 0-0 7. 0-0 c6 8. a4 b6 9. h3 h5 10. b3 Bb7 11. Bb2 Re8 12. Qd2 a6 13. d5 cxd5 14. Nxd5 Bxd5 15. exd5 Bf8 16. f4 Qc7 17. fxe5 dxe5 18. d6 Qc5+ 19. Kh1 Rad8 20. Ba3 Qc8 21. Nc3 Nc5 22. Nd5 Rxd6 23. Nxf6+ Rxf6 24. Rxf6 gxf6 25. Rf1 e4 26. Rxf6 e3 27. Qd5 Qc7 28. Rg6+ Bg7 29. Rxg7+ Kxg7 30. Qg5+ Kf8 31. Qh6+ Kg8 32. Bb2 Re5 33. Bf3 Nd7 34. c4 Qc5 35. Bd5 Qf8 36. Qg6+ Qg7 37. Bxf7+ Kh8 38. Bxe5 1-0

[Event "Bodensee op"]
[Site "Bregenz"]
[Date "2022.05.28"]
[Round "8"]
[White "Tutisani, Noe"]
[Black "Larkin, Vladislav"]
[Result "1/2-1/2"]
[WhiteElo "2435"]
[BlackElo "2430"]
[PlyCount "55"]
[EventDate "2022.05.21"]
[EventType "swiss"]
[EventRounds "9"]
[EventCountry "AUT"]
[SourceTitle "CBM 208 Extra"]
[Source "ChessBase"]
[SourceDate "2022.07.31"]
[SourceVersion "1"]
[SourceVersionDate "2022.07.31"]
[SourceQuality "1"]

1. e4 c6 2. d4 d5 3. f3 Qb6 4. Nc3 dxe4 5. Bc4 Nf6 6. Bb3 Nbd7 7. Nxe4 e6 8. Ne2 c5 9. dxc5 Nxc5 10. Nxf6+ gxf6 11. Be3 Bd7 12. 0-0 h5 13. Nc3 Qc7 14. Qe2 0-0-0 15. Nb5 Bxb5 16. Qxb5 Bd6 17. f4 f5 18. Rad1 a6 19. Qc4 Ne4 20. Rd4 Qxc4 21. Rxc4+ Kb8 22. Rd1 Bc7 23. Rcd4 Rxd4 24. Bxd4 Rg8 25. Be3 Nf6 26. Bd4 Ne4 27. Be3 Nf6 28. Bd4 1/2-1/2

[Event "Bodensee op"]
[Site "Bregenz"]
[Date "2022.05.24"]
[Round "4"]
[White "Tutisani, Noe"]
[Black "Hofer, Maximilian"]
[Result "1-0"]
[WhiteElo "2435"]
[BlackElo "2095"]
[PlyCount "95"]
[EventDate "2022.05.21"]
[EventType "swiss"]
[EventRounds "9"]
[EventCountry "AUT"]
[SourceTitle "CBM 208 Extra"]
[Source "ChessBase"]
[SourceDate "2022.07.31"]
[SourceVersion "1"]
[SourceVersionDate "2022.07.31"]
[SourceQuality "1"]

1. d4 Nf6 2. c4 g6 3. Nc3 Bg7 4. e4 d6 5. Be2 0-0 6. Be3 Nbd7 7. Nf3 c5 8. h3 cxd4 9. Nxd4 Nc5 10. Qc2 a5 11. 0-0-0 Nfd7 12. h4 a4 13. h5 Qa5 14. Nd5 Re8 15. hxg6 fxg6 16. Nb5 Nf6 17. Bd2 Qd8 18. Nxf6+ exf6 19. f3 Ra6 20. g4 Qe7 21. Bf1 Be6 22. Bf4 Rd8 23. Qh2 Bf8 24. Rxd6 Rc8 25. Kb1 g5 26. Be3 h6 27. Rxa6 bxa6 28. Nc3 a3 29. b3 Bg7 30. Qc2 a5 31. Bc1 Na6 32. Nb5 Nb4 33. Bxa3 Qd7 34. Qc1 f5 35. gxf5 Bxf5 36. c5 Bg6 37. Nd6 Rb8 38. Bc4+ Kh7 39. Bb2 g4 40. Bxg7 Qxg7 41. fxg4 a4 42. Nf5 Bxf5 43. gxf5 Nxa2 44. Kxa2 axb3+ 45. Kb1 b2 46. Qd2 Qf8 47. Qd7+ Kh8 48. Qf7 1-0

[Event "Bodensee op"]
[Site "Bregenz"]
[Date "2022.05.23"]
[Round "3"]
[White "Fauth, Dietmar"]
[Black "Tutisani, Noe"]
[Result "0-1"]
[WhiteElo "2170"]
[BlackElo "2435"]
[PlyCount "40"]
[EventDate "2022.05.21"]
[EventType "swiss"]
[EventRounds "9"]
[EventCountry "AUT"]
[SourceTitle "CBM 208 Extra"]
[Source "ChessBase"]
[SourceDate "2022.07.31"]
[SourceVersion "1"]
[SourceVersionDate "2022.07.31"]
[SourceQuality "1"]

1. e4 c5 2. d4 cxd4 3. c3 dxc3 4. Nxc3 Nc6 5. Nf3 e6 6. Bc4 a6 7. 0-0 b5 8. Bb3 Na5 9. Re1 Nxb3 10. Qxb3 Bb7 11. a4 b4 12. Nd5 Bd6 13. Bf4 Bxd5 14. exd5 Bxf4 15. Rad1 Qf6 16. Nd4 Ne7 17. dxe6 fxe6 18. Nxe6 dxe6 19. Rxe6 Qf7 20. Qd5 0-0 0-1

[Event "EU-ch 22nd"]
[Site "Terme Catez"]
[Date "2022.04.06"]
[Round "11"]
[White "Thybo, Jesper Sondergaard"]
[Black "Tutisani, Noe"]
[Result "1-0"]
[WhiteElo "2590"]
[BlackElo "2442"]
[PlyCount "65"]
[EventDate "2022.03.27"]
[EventType "swiss"]
[EventRounds "11"]
[EventCountry "SLO"]
[SourceTitle "CBM 208"]
[Source "ChessBase"]
[SourceDate "2022.06.30"]
[SourceVersion "1"]
[SourceVersionDate "2022.06.30"]
[SourceQuality "1"]

1. Nf3 Nf6 2. c4 g6 3. Nc3 Bg7 4. d4 0-0 5. e4 d6 6. Be2 e5 7. 0-0 Bg4 8. dxe5 Bxf3 9. exf6 Bxe2 10. Qxe2 Qxf6 11. Nd5 Qd8 12. Bf4 Nd7 13. Rad1 Re8 14. Rfe1 a5 15. Qd2 Nc5 16. f3 c6 17. Nc3 Be5 18. b3 Qb6 19. Be3 Qb4 20. Ne2 f5 21. exf5 Qxd2 22. Rxd2 gxf5 23. Kf2 Re7 24. Bg5 Rg7 25. Bf4 Re8 26. Ng3 Rf7 27. Rxd6 Ne4+ 28. Nxe4 fxe4 29. Bxe5 Rxe5 30. Rd4 Rh5 31. Rexe4 Rxh2 32. Re8+ Kg7 33. Rg4+ 1-0

[Event "EU-ch 22nd"]
[Site "Terme Catez"]
[Date "2022.04.02"]
[Round "7"]
[White "Kochavi, Ori"]
[Black "Tutisani, Noe"]
[Result "1/2-1/2"]
[WhiteElo "2253"]
[BlackElo "2442"]
[PlyCount "72"]
[EventDate "2022.03.27"]
[EventType "swiss"]
[EventRounds "11"]
[EventCountry "SLO"]
[SourceTitle "CBM 208"]
[Source "ChessBase"]
[SourceDate "2022.06.30"]
[SourceVersion "1"]
[SourceVersionDate "2022.06.30"]
[SourceQuality "1"]

1. e4 Nc6 2. Nf3 d6 3. d4 Nf6 4. Nc3 g6 5. d5 Nb8 6. Bg5 Bg7 7. Qd2 h6 8. Be3 c6 9. h3 b5 10. a3 a6 11. dxc6 Nxc6 12. Bd3 Be6 13. Rd1 Nd7 14. 0-0 Nb6 15. Rfe1 Rb8 16. b3 g5 17. Be2 Nd7 18. Nd4 Rc8 19. a4 Qa5 20. Nxc6 Rxc6 21. Nd5 Qxd2 22. Rxd2 bxa4 23. bxa4 Nc5 24. Bxc5 Rxc5 25. Bxa6 Bxd5 26. Rxd5 Rxc2 27. Bb5+ Kf8 28. Rdd1 Ra2 29. Re2 Ra3 30. Rc2 Bc3 31. g3 Bb4 32. Rd3 Ra1+ 33. Kg2 Bc5 34. e5 Kg7 35. exd6 Bxd6 36. Rdd2 Bb4 1/2-1/2

[Event "EU-ch 22nd"]
[Site "Terme Catez"]
[Date "2022.04.01"]
[Round "6"]
[White "Tutisani, Noe"]
[Black "Alonso Rosell, Alvar"]
[Result "0-1"]
[WhiteElo "2442"]
[BlackElo "2565"]
[PlyCount "78"]
[EventDate "2022.03.27"]
[EventType "swiss"]
[EventRounds "11"]
[EventCountry "SLO"]
[SourceTitle "CBM 208"]
[Source "ChessBase"]
[SourceDate "2022.06.30"]
[SourceVersion "1"]
[SourceVersionDate "2022.06.30"]
[SourceQuality "1"]

1. d4 Nf6 2. c4 e6 3. Nc3 Bb4 4. f3 d5 5. a3 Be7 6. e4 dxe4 7. fxe4 c5 8. d5 exd5 9. exd5 0-0 10. Be2 Re8 11. Nf3 Bf5 12. 0-0 Bg6 13. Bg5 a6 14. Qb3 Nbd7 15. Qxb7 Rb8 16. Qxa6 Rxb2 17. Rae1 Ng4 18. Bxe7 Rxe7 19. h3 Ne3 20. Rf2 Nc2 21. Rd1 Nd4 22. Rxd4 cxd4 23. Nxd4 Nc5 24. Nc6 Nxa6 25. Nxd8 Rc2 26. Rf3 Rexe2 27. Nxe2 Rxe2 28. Rb3 Kf8 29. Nc6 Ke8 30. Rb7 Nc5 31. Rb5 Nd3 32. Rb7 Be4 33. Re7+ Kf8 34. Rc7 g5 35. d6 Nf4 36. d7 Rxg2+ 37. Kf1 Bd3+ 38. Ke1 Re2+ 39. Kf1 Rc2+ 0-1